Paralympijský šport vo svete

Enregistré dans:
Détails bibliographiques
Auteur principal: Dubovský, Július, 1959-
Format: Chapitre de livre
Langue:slovaque
Sujets:
Tags: Ajouter un tag
Pas de tags, Soyez le premier à ajouter un tag!

MARC

LEADER 00000naa$a2200000$$$4500
001 0306522
005 20251028111856.3
041 0 |a slo 
044 |a SK 
245 1 0 |a Paralympijský šport vo svete 
500 |a Abstrakt 
610 2 0 |a šport 
610 2 0 |a zdravie 
610 2 0 |a svet 
100 1 |a Dubovský, Július, 1959-